000
00269nam a2200097Ia 4500
082
_a
248.4 OSTE
245
0
_a
All-in-one : Grade 1, Literacy
100
_a
my workbook and reader Pretoria, 2003
_9
82655
942
_c
BK
008
210817s9999 xx 000 0 und d
999
_c
299280
_d
299279